000
00258nam a2200097Ia 4500
001
729636
005
20250826163531.0
008
250824s9999 xx 000 0 und d
245
0
_a
BİR DELİNİN HATIRA DEFTERİ
_c
NİKOLAY V. GOGOL
260
_b
ANONİM YAYINLARI
999
_c
729636
_d
729636